Encyclopedia of environmental health. 5V. (Record no. 152053)

MARC details
000 -LEADER
fixed length control field 00372nam a2200145Ia 4500
008 - FIXED-LENGTH DATA ELEMENTS--GENERAL INFORMATION
fixed length control field 230917s9999||||xx |||||||||||||| ||und||
040 ## - CATALOGING SOURCE
-- 186723
Original cataloging agency VIVEKANANDA LIBRARY
041 ## - Language
-- English
082 ## - DDC NUMBER
Classification number 363.7003 E19E
100 ## - MAIN ENTRY--PERSONAL NAME
Personal name Nriagu, Jerome O, ed.
245 #0 - TITLE STATEMENT
Title Encyclopedia of environmental health. 5V.
260 ## - PUBLICATION, DISTRIBUTION, ETC. (IMPRINT)
Place of publication, distribution, etc Amsterdam
Name of publisher, distributor, etc Elsevier
Date of publication, distribution, etc 2011
300 ## - PHYSICAL DESCRIPTION
Pages v. p.
942 ## - ADDED ENTRY ELEMENTS (KOHA)
Koha item type Books
Holdings
Withdrawn status Lost status Damaged status Not for loan Location (home branch) Sublocation or collection (holding branch) Date acquired Koha issues (times borrowed) Koha full call number Accession No. Koha date last seen Koha item type
        VIVEKANANDA LIBRARY VIVEKANANDA LIBRARY 19/07/2011   363.7003 E19E 274934 17/09/2023 Books
        VIVEKANANDA LIBRARY VIVEKANANDA LIBRARY 19/07/2011   363.7003 E19E 274935 17/09/2023 Books
        VIVEKANANDA LIBRARY VIVEKANANDA LIBRARY 19/07/2011   363.7003 E19E 274936 17/09/2023 Books
        VIVEKANANDA LIBRARY VIVEKANANDA LIBRARY 19/07/2011   363.7003 E19E 274937 17/09/2023 Books
        VIVEKANANDA LIBRARY VIVEKANANDA LIBRARY 19/07/2011   363.7003 E19E 274938 17/09/2023 Books
© Designed and Maintained by Vivekananda Library, MDU Rohtak